000 00756cam a22002174a 4500
001 12513900
005 20241216124042.0
008 010709s1999 fr a b 000 0 fre
020 _a2804132226 (pbk.)
050 0 0 _aLB3013
_b.P623 1999
100 1 _aPoirier Proulx, Lise.
245 1 3 _aLa résolution de problèmes en enseignement :
_bcadre référentiel et outils de formation /
_cLise Poirier Proulx ; préface de Philippe Jonnaert.
260 _aParis :
_bDe Boeck & Larcier,
_cc1999.
300 _a178 p. :
_bill. ;
_c24 cm.
440 0 _aPerspectives en éducation,
_x1373-0258
650 0 _aClassroom management.
650 0 _aConflict management.
650 0 _aProblem-based learning.
650 0 _aTeachers
_xTraining of.
942 _2lcc
_cBK
_n0
999 _c2319
_d2319